| 000 | 01087nam a22002297a 4500 | ||
|---|---|---|---|
| 003 | OSt | ||
| 005 | 20260512114005.0 | ||
| 008 | 260512b |||||||| |||| 00| 0 eng d | ||
| 020 | _a9780593069776 | ||
| 040 |
_aKenya National Library Service _erda |
||
| 082 | _a306.766TOD | ||
| 100 |
_aTodd, Matthew _eauthor |
||
| 245 |
_aStraight Jacket : _bhow to be gay and happy / _cMatthew Todd |
||
| 300 |
_axiii, 369 pages ; _c25 cm. |
||
| 500 | _aIncludes index | ||
| 520 | _aStraight Jacket is a revolutionary clarion call for gay men, the wider LGBT community, their friends and family. Part memoir, part ground-breaking polemic, it looks beneath the shiny facade of contemporary gay culture and asks if gay people are as happy as they could be - and if not, why not? Meticulously researched, courageous and life-affirming, Straight Jacket offers invaluable practical advice on how to overcome a range of difficult issues. | ||
| 650 |
_aGay men _vMental health |
||
| 650 | _aGay culture | ||
| 942 |
_2ddc _cBK _n0 |
||
| 999 |
_c492709 _d492709 |
||